Singapore MRT/LRT Stations Quiz - Statistics

General Stats
  • This quiz has been taken 272 times
    144 since last reset
  • The average score is 140 of 214
Answer Stats
Hint Answer % Correct
1 | 24 Jurong East
95%
2 | 32 Tampines
95%
2 | 9 Woodlands
95%
1 | 6 | 24 Dhoby Ghaut
94%
15 | 17 Bishan
92%
14 | 22 Orchard
92%
16 | STC Sengkang
92%
13 | 25 City Hall
91%
35 | CG 1 Expo
91%
20 | 27 | CE 2 Marina Bay
91%
17 | PTC Punggol
91%
12 | 13 Serangoon
91%
4 | 19 Chinatown
89%
7 | 12 Little India
89%
3 | 16 | 17 Outram Park
89%
16 Ang Mo Kio
88%
5 Bedok
88%
CG 2 Changi Airport
88%
1 | 29 HarbourFront
88%
1 Pasir Ris
88%
23 Somerset
88%
13 Yishun
88%
12 | 14 Bugis
86%
8 | 9 Paya Lebar
86%
14 | 26 Raffles Place
86%
1 | 6 Bukit Panjang
84%
1 | 4 Choa Chu Kang
84%
23 Clementi
84%
28 Marina South Pier
84%
2 Bukit Batok
83%
18 Punggol Coast
83%
3 Bukit Gombak
81%
5 Clarke Quay
81%
22 Dover
81%
11 | 21 Newton
81%
20 Novena
81%
6 Stadium
81%
4 | CG Tanah Merah
81%
33 Tuas Link
81%
27 Boon Lay
80%
15 Buangkok
80%
8 Farrer Park
80%
14 Hougang
80%
14 Khatib
80%
18 Redhill
80%
1 Woodlands North
80%
15 Yio Chu Kang
80%
9 | 19 Botanic Gardens
78%
21 | 22 Buona Vista
78%
9 | 17 Caldecott
78%
4 | 15 Promenade
78%
33 Tampines East
78%
25 Chinese Garden
77%
10 | 26 MacPherson
77%
31 Tampines West
77%
19 Toa Payoh
77%
10 Admiralty
75%
13 Kovan
75%
23 one-north
75%
5 Yew Tee
75%
9 Aljunied
73%
12 Canberra
73%
10 Kallang
73%
7 Kranji
73%
11 Lavender
73%
15 Tanjong Pagar
73%
3 Woodlands South
73%
5 Beauty World
72%
17 Downtown
72%
19 Queenstown
72%
3 Simei
72%
16 | CE 1 Bayfront
70%
9 Boon Keng
70%
22 Gardens by the Bay
70%
6 Kembangan
70%
8 Marsiling
70%
11 Sembawang
70%
11 Woodleigh
70%
29 Bedok North
69%
18 Braddell
69%
2 Bras Basah
69%
14 Lorong Chuan
69%
16 Marymount
69%
28 Pioneer
69%
2 Cashew
67%
26 Lakeside
67%
7 Mountbatten
67%
10 Potong Pasir
67%
11 Tai Seng
67%
17 Tiong Bahru
67%
30 Bedok Reservoir
66%
20 Farrer Road
66%
25 Haw Par Villa
66%
29 Joo Koon
66%
12 Bartley
64%
3 Esplanade
64%
6 King Albert Park
64%
10 | 11 Stevens
64%
20 Commonwealth
63%
21 Holland Village
63%
4 Springleaf
63%
3 Hillview
61%
4 Hume
61%
26 Marine Parade
61%
13 Rochor
61%
8 Tan Kah Kee
61%
21 Bencoolen
59%
7 Eunos
59%
15 Great World
59%
30 Gul Circle
59%
5 Nicoll Highway
59%
13 Orchard Boulevard
59%
26 Pasir Panjang
59%
7 Sixth Avenue
59%
27 Ubi
59%
8 Dakota
58%
24 Kent Ridge
58%
25 Mattar
58%
29 Bayshore
56%
23 Bendemeer
56%
27 Labrador Park
56%
5 Lentor
56%
6 Mayflower
56%
28 Telok Blangah
56%
32 Tuas West Road
56%
18 Maxwell
55%
31 Tuas Crescent
55%
34 Upper Changi
55%
23 Tanjong Rhu
53%
7 Bright Hill
52%
16 Havelock
52%
27 Marine Terrace
52%
18 Telok Ayer
52%
24 Geylang Bahru
50%
22 Jalan Besar
50%
28 Kaki Bukit
50%
28 Siglap
50%
8 Upper Thomson
50%
19 Shenton Way
48%
25 Tanjong Katong
48%
12 Napier
47%
5 Phoenix
47%
20 Fort Canning
45%
10 Fajar
41%
24 Katong Park
38%
2 South View
38%
7 Petir
36%
13 Senja
36%
4 Teck Whye
34%
2 Farmway
33%
2 Teck Lee
33%
1 Cheng Lim
31%
1 Cove
31%
5 Fernvale
31%
6 Oasis
31%
3 Punggol Point
31%
2 Meridian
30%
1 Compassvale
28%
4 Riviera
28%
8 Pending
27%
7 Soo Teck
27%
7 Damai
25%
12 Jelapang
25%
6 Sumang
25%
3 Keat Hong
23%
1 Sam Kee
23%
9 Bangkit
22%
3 Coral Edge
22%
4 Kangkar
22%
8 Renjong
22%
4 Samudera
22%
4 Thanggam
22%
3 Bakau
20%
5 Kadaloor
20%
6 Layar
20%
5 Ranggung
20%
11 Segar
20%
5 Nibong
17%
7 Tongkang
17%
3 Kupang
16%
2 Rumbia
16%
No matching quizzes found
Score Distribution
Percent of People with Each Score
Percentile by Number Answered
Your Score History
You have not taken this quiz since the last reset